La crisis económica y la reforma del sistema de pensiones: malos compañeros de viaje (Registro nro. 45030)
[ vista simple ]
| 000 -CABECERA | |
|---|---|
| Longitud fija campo de control | 01047naa a2200253 4500 |
| 001 - NÚMERO DE CONTROL | |
| Número de control | 45030 |
| 003 - IDENTIFICADOR DE NÚMERO DE CONTROL | |
| Identificador del número de control | ES-MaCES |
| 005 - FECHA Y HORA DE LA ÚLTIMA TRANSACCIÓN | |
| Fecha y hora de la última transacción | 20190731142230.0 |
| 008 - CAMPO FIJO DE DESCRIPCIÓN FIJA--INFORMACIÓN GENERAL | |
| Códigos de información de longitud fija | 000000s2014 sp ||||| t||||||| ||spa d |
| 040 ## - FUENTE DE CATALOGACIÓN | |
| Centro catalogador de origen | ES-MaCES |
| Lengua de catalogación | spa |
| Centro transcriptor | ES-MaCES |
| 100 1# - ENCABEZAMIENTO PRINCIPAL--NOMBRE PERSONAL | |
| 9 (RLIN) | 25099 |
| Nombre de persona | Tortuero Plaza, José Luis |
| 245 13 - MENCIÓN DE TÍTULO | |
| Título | La crisis económica y la reforma del sistema de pensiones: malos compañeros de viaje |
| Mención de responsabilidad, etc. | José Luis Tortuero Plaza |
| 650 #4 - ASIENTO SECUNDARIO DE MATERIA--TÉRMINO DE MATERIA | |
| 9 (RLIN) | 30668 |
| Término de materia o nombre geográfico como elemento inicial | reforma de la seguridad social |
| 650 #4 - ASIENTO SECUNDARIO DE MATERIA--TÉRMINO DE MATERIA | |
| 9 (RLIN) | 27042 |
| Término de materia o nombre geográfico como elemento inicial | régimen de pensión |
| 650 #4 - ASIENTO SECUNDARIO DE MATERIA--TÉRMINO DE MATERIA | |
| 9 (RLIN) | 27041 |
| Término de materia o nombre geográfico como elemento inicial | prestaciones de vejez |
| 650 #4 - ASIENTO SECUNDARIO DE MATERIA--TÉRMINO DE MATERIA | |
| 9 (RLIN) | 30623 |
| Término de materia o nombre geográfico como elemento inicial | proyección de la población |
| 650 #4 - ASIENTO SECUNDARIO DE MATERIA--TÉRMINO DE MATERIA | |
| 9 (RLIN) | 30614 |
| Término de materia o nombre geográfico como elemento inicial | envejecimiento de la población |
| 650 #4 - ASIENTO SECUNDARIO DE MATERIA--TÉRMINO DE MATERIA | |
| 9 (RLIN) | 30262 |
| Término de materia o nombre geográfico como elemento inicial | edad de jubilación |
| 650 #4 - ASIENTO SECUNDARIO DE MATERIA--TÉRMINO DE MATERIA | |
| 9 (RLIN) | 27102 |
| Término de materia o nombre geográfico como elemento inicial | crisis económica |
| 653 10 - TÉRMINO DE INDEXACIÓN--NO CONTROLADO | |
| Término no controlado | Seguridad Social |
| 773 0# - ENTRADA DE DOCUMENTO FUENTE | |
| Itemnumber del ítem fuente | 81666 |
| Lugar, editor y fecha de publicación | Barcelona Atelier [2014] |
| Otro identificador del documento | 084571 |
| Título | El impacto de la gran crisis mundial sobre el Derecho del trabajo y de la Seguridad Social |
| Número de control del registro relacionado | (ES-MaCES)44826 |
| Número Internacional Normalizado para Libros (ISBN) | 9788415690481 |
| Parte(s) relacionada(s) | p. 627-660. - SG-2.0.-430 |
| 902 ## - CES. TIPO DE DOCUMENTO | |
| Tipodoc (006$c Sirtex) | ARL Artículo de libro |
| 942 ## - ELEMENTOS KOHA | |
| Fuente de clasificaión o esquema | Clasificación propia del CES |
| Koha [por defecto] tipo de item | Artículos (1982-2017) |
| Parte de clasificación | Seguridad social |
No hay ítems disponibles.
